Central Library OPAC University of Rajshahi

Education in changing India / (Record no. 45664)

MARC details
000 -LEADER
fixed length control field 00578nam a2200205 a 4500
001 - CONTROL NUMBER
control field 45664
003 - CONTROL NUMBER IDENTIFIER
rucl marc code BD-RjUL
005 - DATE AND TIME OF LATEST TRANSACTION
control field 20211209054042.0
008 - FIXED-LENGTH DATA ELEMENTS--GENERAL INFORMATION
fixed length control field 160727s1965 enk 000 0 eng
040 ## - CATALOGING SOURCE
Original cataloging agency DLC
Transcribing agency WSU
Modifying agency SER
-- UKM
-- BD-RjUL
Language of cataloging eng
041 ## - LANGUAGE CODE
Language code of text/sound track or separate title eng
082 ## - DEWEY DECIMAL CLASSIFICATION NUMBER
Classification number 370.954
Edition number 23
Author mark and year SHE 1965
100 1# - MAIN ENTRY--PERSONAL NAME
Personal name Shrimali, K. L.,
Dates associated with a name 1909-
9 (RLIN) 139768
245 10 - TITLE STATEMENT
Title Education in changing India /
Statement of responsibility, etc. K.L. Shrimali.
260 ## - PUBLICATION, DISTRIBUTION, ETC. (IMPRINT)
Place of publication, distribution, etc. London :
Name of publisher, distributor, etc. Asia Pub. House,
Date of publication, distribution, etc. c1965
300 ## - PHYSICAL DESCRIPTION
Pagination vii, 256 p. ;
Size 23 cm.
500 ## - GENERAL NOTE
General note Includes index.
650 #0 - SUBJECT ADDED ENTRY--TOPICAL TERM
Topical term or geographic name as entry element Education
Geographic subdivision India.
9 (RLIN) 139769
942 ## - ADDED ENTRY ELEMENTS (KOHA)
Source of classification or shelving scheme Dewey Decimal Classification
Koha item type Books
Holdings
Lost status Source of classification or shelving scheme Damaged status Not for loan Collection code Permanent Location Current Location Shelving location Date acquired Source of acquisition Cost, normal purchase price Total Checkouts Full call number Date last seen Copy number Koha item type
  Dewey Decimal Classification     Non-fiction Central Library, University of Rajshahi Central Library, University of Rajshahi   05/04/1967 Pak. Euro 27.50   370.954 SHE 1965 27/07/2016 C-2 Books